| 000 | 01830nam a22002537a 4500 | ||
|---|---|---|---|
| 999 |
_c63662 _d63662 |
||
| 003 | Ge_BSU | ||
| 005 | 20251203200345.0 | ||
| 008 | 251203s2020 ge ||||| |||| 00| 0 geo d | ||
| 020 | _a9789941821837 | ||
| 041 | _ageo | ||
| 080 | _a94(479.222.1)"1752-1784" :929.731(479.222.1) ჩ-68 | ||
| 100 |
_aჩიქოვანი, იური _914142 |
||
| 245 |
_aმეფე სოლომონ I და მისი შთამომავლობა : _b(გენეალოგიური გამოკვლევა) / _cსამეცნიერო რედაქტორი ნიკო ჯავახიშვილი; ბოლოთქმა ირინა კვირკველია-ჩიქოვანისა. |
||
| 264 |
_aთბილისი : _bგრიფონი, _c2020. |
||
| 300 |
_a212 გვ. ; _b30 სმ. |
||
| 500 | _aპუბლიკაცია მომზადდა და დაისტამბა საქართველოს თავად-აზნაურთა საკრებულოს თანადგომით. | ||
| 501 | _aპირთა ანბანური საძიებელი: გვ. 138-174. | ||
| 504 | _aბიბლიოგრაფია: გვ. 175-210. | ||
| 653 | _aსოლომონ I, იმერეთის მეფე, 1752-1784. | ||
| 653 | _aსაქართველოს მეფეები. | ||
| 700 |
_aჯავახიშვილი, ნიკო _eსამეცნიერო რედაქტორი, წინასიტყვაობის ავტორი _93484 |
||
| 700 |
_aკვირკველია-ჩიქოვანისა, ირინა _e ბოლოსიტყვაობის ავტორი _926342 |
||
| 942 |
_2udc _cᲬᲘᲒᲜᲘ |
||